000 00295nam a22001337a 4500
008 181029b xxu||||| |||| 00| 0 eng d
020 _a9780312533007
041 _aeng
080 _23 ED
_a370
100 _a48
101 _aEDU
245 _aThe Bedford Ressearch
_cMike.P
942 _2udc
_cBK
999 _c50990
_d50990